00966nam a2200229Ia 450000500170000000800410001702000180005808200160007610000450009224501280013725000220026530000250028749000280031250000510034060000620039160000770045326400830053033600270061333700330064033800280067304000350070120220317001609.0161108s2011 c g 000 0 s  a978958719733404a923.1bS15c1 aSantander, Francisco de Paulad1792-184010aCartas a Simón BolívarcFrancisco de Paula Santander ; [compilador y director de la colección Rubén Sierra Mejía] aPrimera edición a125 páginasc21 cm aBiblioteca Bicentenario aDirector de colección tomado de preliminares14aBolivar, Simond1783-1830xCorrespondencia, memorias, etc14aSantander, Francisco De Paulad1792-1840xCorrespondencia, memorias, etc aBogotábUniversidad Nacional de Colombia. Facultad de Ciencias Humanasc2011 atextobtxt2rdacontent asin mediaciónbn2rdamedia avolumenbnc2rdacarrier aCO-BoRNBPbspaerdacCO-BoRNBP